000 01141nam a2200313 i 4500
003 DO-SdBNP
005 20251020104210.0
007 ta
008 251020b2025 dr ac||| |||| 00| 0 spa d
020 _a9789945504330
040 _aDO-SdBNP
_bspa
_cBNPHU
_erda
041 _aspa
082 4 _axxx
_bS684a
_222
100 1 _aSolano, Domingo Bienvenido
_d1948-
_eautor
_4aut.
_988717
245 1 0 _aAtletas Romanenses en Juegos Olímpicos /
_cDomingo Bienvenido Solano ; corrector de estilo, Johnson Benoit.
250 _aPrimera edición
264 _aSanto Domingo, República Dominicana :
_bEditorial, El Nuevo Diario
_c2025
300 _a294 paginas :
_bilustraciones, retratos ;
_c23 cm.
336 _atexto
_btxt
_2rdacontent
337 _asin mediación
_bn
_2rdamedia
338 _avolumen
_bnc
_2rdacarrier
500 _aIncluye datos biográficos del autor en las solapas.
500 _aLa biblioteca posee dos ejemplares auto biografiados
504 _aBibliografía: páginas 293-294
590 _aInventariado, 2025 /LP
700 _aJohnson-Benoit, Daniel
_ecorrector
_4corr.
_926955
910 _aLP
942 _2ddc
_cLBS1
999 _c59981
_d59981